De Madrid al zielo / (Record no. 196994)

MARC details
000 -LEADER
campo de control de longitud fija 01201nam a2200337 i 4500
001 - NÚMERO DE CONTROL
campo de control 196994
003 - IDENTIFICADOR DE NÚMERO DE CONTROL
campo de control ES-MaACL
005 - FECHA Y HORA DE LA ÚLTIMA TRANSACCIÓN
campo de control 20250809063550.0
008 - DATOS DE LONGITUD FIJA--INFORMACIÓN GENERAL
campo de control de longitud fija 250213s2013 sp | |||| 000 f spa
015 ## - NÚMERO DE BIBLIOGRAFÍA NACIONAL
Número de bibliografía nacional MON12
017 ## - NÚMERO DE COPYRIGHT O DE DEPÓSITO LEGAL
Número de copyright o de depósito legal PM 1156-2012
Agencia que asigna Oficina Depósito Legal Mallorca
020 ## - NÚMERO INTERNACIONAL ESTÁNDAR DEL LIBRO
Número Internacional Estándar del Libro 9788415296744
035 ## - NÚMERO DE CONTROL DEL SISTEMA
Número de control de sistema (OCoLC)841452479
035 ## - NÚMERO DE CONTROL DEL SISTEMA
Número de control de sistema (SpMaBN)a5333498
040 ## - FUENTE DE CATALOGACIÓN
Centro catalogador/agencia de origen SpMaBN
Lengua de catalogación spa
Centro/agencia transcriptor SpMaBN
Normas de descripción rdc
080 ## - NÚMERO DE LA CLASIFICACIÓN DECIMAL UNIVERSAL
Número de la Clasificación Decimal Universal 821.134.2-31"20"
100 1# - ENTRADA PRINCIPAL--NOMBRE DE PERSONA
Nombre de persona Zamora Llorente, Alfonso,
Fechas asociadas al nombre 1980-
9 (RLIN) 239778
Término indicativo de función/relación Autor
245 10 - MENCIÓN DEL TÍTULO
Título De Madrid al zielo /
Mención de responsabilidad, etc. Alfonso Zamora Llorente.
250 ## - MENCION DE EDICION
Mención de edición Octava edición: julio 2015
260 ## - PUBLICACIÓN, DISTRIBUCIÓN, ETC.
Lugar de publicación, distribución, etc. Palma [de Mallorca] :
Nombre del editor, distribuidor, etc. Dolmen,
Fecha de publicación, distribución, etc. cop. 2013.
300 ## - DESCRIPCIÓN FÍSICA
Extensión 344 páginas ;
Dimensiones 21 cm.
336 ## - TIPO DE CONTENIDO
Término de tipo de contenido Texto (visual)
Fuente isbdcontent
337 ## - TIPO DE MEDIO
Nombre/término del tipo de medio sin mediación
Fuente isbdmedia
338 ## - TIPO DE SOPORTE
Fuente rdacarrier
Nombre/término del tipo de soporte volumen
655 #0 - TERMINO DE INDIZACIÓN--GENERO/FORMA
9 (RLIN) 239344
Datos o término principal de género/forma Novelas de terror
852 ## - LOCALIZACIÓN
Ubicación ES-MaACL
Ubicación en estantería Depósito J
Número de control de estantería N-10366
Encuadernación Encuadernación rústica con solapas
itemnumber 206488
Donativo/Legado Donación: Editorial
942 ## - ELEMENTOS DE ENTRADA SECUNDARIOS (KOHA)
Tipo de ítem Koha Libro impreso
Suprimir en OPAC No
Holdings
Estatus retirado Estado de pérdida Fuente del sistema de clasificación o colocación Estado de daño No para préstamo Biblioteca de origen Biblioteca actual Ubicación en estantería Fecha de adquisición Fuente de adquisición Total de préstamos Signatura topográfica completa Código de barras Visto por última vez Precio de reemplazo Tipo de ítem Koha
    Clasificación decimal universal     Biblioteca del Ateneo de Madrid Biblioteca del Ateneo de Madrid Depósito J 07/08/2025 Donación   N-10366 2025-0867 07/08/2025 07/08/2025 Libro impreso